| 000 | 00566nam a2200205 a 4500 | ||
|---|---|---|---|
| 001 | 528 | ||
| 003 | CDMR | ||
| 005 | 20151030104202.0 | ||
| 008 | 130130s1974||||||||||||||||||||||||||||d | ||
| 040 |
_aCDMR _bcat _cCDMR |
||
| 100 | 1 |
_aPoli, Jorge Heriberto _9384 |
|
| 245 | 1 | 0 |
_aComunicación social _cJorge H. Poli |
| 260 |
_aBuenos Aires _c1974 _bProlam |
||
| 300 | _a146 p. | ||
| 490 | 0 | _aLa Empresa | |
| 650 | 0 | 4 |
_94289 _aComunicació _xAspectes socials _zArgentina |
| 650 | 0 | 4 |
_93284 _aComunicació _xInvestigació |
| 650 | 0 | 4 |
_9388 _aComunicació humana |
| 942 |
_cMON _2udc |
||
| 999 |
_c528 _d528 |
||